000
00331nam a2200145Ia 4500
100
_a
Poht/Micheal J
942
_c
BK
654
_a
computer
245
_a
Software Enginering with C++ and CASE Tools
260
_b
Addison Wesley Pub
_a
New york
_c
1996
082
_a
5.1
_b
PON
300
_a
963
546
_a
ENGLISH
999
_c
18412
_d
18412